2026 Venezuela World Baseball Classic Roster MLB Players Only - Statistics

General Stats
  • This quiz has been taken 26 times
    9 since last reset
  • The average score is 13 of 28
Answer Stats
Player Number Position MLB Team % Correct
Ronald Acuna Jr. 21 OF Braves
100%
Salvador Perez 13 C Royals
100%
Wilyer Abreu 16 OF Red Sox
100%
Gleyber Torres 25 INF Tigers
86%
William Contreras 23 C Brewers
86%
Willson Contreras 40 INF Red Sox
86%
Andres Gimenez 0 INF Blue Jays
71%
Eduardo Rodriguez 52 P Diamondbacks
71%
Eugenio Suarez 7 INF Reds
71%
Ezequiel Tovar 14 INF Rockies
71%
Jackson Chourio 1 OF Brewers
71%
Luis Arraez 2 INF Giants
71%
Ranger Suarez 55 P Red Sox
71%
Daniel Palencia 29 P Cubs
57%
Javier Sanoja 4 OF Marlins
57%
Maikel Garcia 11 INF Royals
57%
Andres Machado 30 P Nationals
29%
Eduard Bazardo 83 P Mariners
29%
Jose Butto 70 P Giants
29%
Angel Zerpa 61 P Brewers
14%
Emmanuel De Jesus 37 P Tigers
14%
Anthony Molina 35 P Braves
0%
Antonio Senzatela 34 P Rockies
0%
Jhonathan Diaz 74 P Mariners
0%
Keider Montero 54 P Tigers
0%
Luinder Avila 58 P Royals
0%
Ricardo Sanchez 64 P Cardinals
0%
Yoendrys Gomez 94 P Rays
0%
No matching quizzes found
Score Distribution
Percent of People with Each Score
Percentile by Number Answered
Your Score History
You have not taken this quiz since the last reset